000 00513nam a2200205Ia 4500
999 _c50414
_d50414
001 17358
003 GE_BSU
005 20220926113146.0
008 181216s2006||||enk|||||||||||||| ||eng||
040 _cGE_BSU
041 _aeng
080 _a574 A-53
100 _aStraalen, Nico
_914781
245 3 _aAn introduction to Ecological Genomics /
_cNico Straalen.
264 _aOxford,
_c2006.
300 _a307 p.
653 _aბიოლოგია
653 _aგენეტიკა
942 _cBK
_2udc